[Event "Montreal Pere Noel U1500"]
[Site "Montreal"]
[Date "2016.12.27"]
[Round "2.6"]
[White "Arsenault Mahjoubi, Louis"]
[Black "Grandmaison, Real"]
[Result "0-1"]
[WhiteElo "1375"]
[BlackElo "1238"]
[PlyCount "112"]
[EventDate "2016.12.26"]
[EventType "swiss"]
[EventRounds "5"]
[EventCountry "CAN"]
[SourceTitle "EXT 2022"]
[Source "ChessBase"]
[SourceDate "2021.10.06"]
[SourceVersion "1"]
[SourceVersionDate "2021.10.06"]
[SourceQuality "1"]

1. d4 d5 2. c4 Nf6 3. cxd5 Qxd5 4. Nc3 Qf5 5. e3 e5 6. Nf3 e4 7. Ne5 Bd6 8. b3 Bxe5 9. dxe5 Qxe5 10. Bb2 Qa5 11. Qd4 Nc6 12. Bb5 Bd7 13. Bxc6 Bxc6 14. 0-0 0-0 15. Qc4 Rad8 16. Ne2 Bb5 17. Qc3 Qxc3 18. Nxc3 Bxf1 19. Kxf1 Rd2 20. Ba3 Rfd8 21. Rc1 c6 22. Ke1 R2d7 23. h3 h5 24. Bc5 b6 25. Bd4 Re8 26. Ne2 c5 27. Bb2 Red8 28. Ng3 Rd2 29. Bxf6 gxf6 30. Nxe4 Rxa2 31. Nxf6+ Kf8 32. Nxh5 Rdd2 33. Nf4 Rxf2 34. Rd1 Rxg2 35. Nxg2 Rxg2 36. Rd8+ Ke7 37. Ra8 Ra2 38. Kf1 Ra3 39. h4 Rxb3 40. Ke2 Rb2+ 41. Kd3 b5 42. Rxa7+ Ke6 43. h5 Rh2 44. h6 Kd5 45. Ra5 c4+ 46. Kc3 Kc5 47. e4 Rxh6 48. Ra7 b4+ 49. Kb2 Rh2+ 50. Kc1 b3 51. Rc7+ Kb4 52. Rxf7 Kc3 53. Rf3+ Kd4 54. Rf1 c3 55. Rd1+ Kc4 56. e5 c2 0-1

[Event "Quebec op U1400"]
[Site "Montreal"]
[Date "2016.07.26"]
[Round "5.5"]
[White "Arsenault Mahjoubi, Louis"]
[Black "Laroche, Hugo"]
[Result "1-0"]
[WhiteElo "1359"]
[BlackElo "1272"]
[PlyCount "47"]
[EventDate "2016.07.23"]
[EventType "swiss"]
[EventRounds "8"]
[EventCountry "CAN"]
[SourceTitle "EXT 2022"]
[Source "ChessBase"]
[SourceDate "2021.10.06"]
[SourceVersion "1"]
[SourceVersionDate "2021.10.06"]
[SourceQuality "1"]

1. d4 d5 2. c4 c6 3. Nc3 dxc4 4. e3 b5 5. a4 b4 6. Na2 b3 7. Nc3 Ba6 8. Nf3 e6 9. Ne5 Bb4 10. Qf3 Qc7 11. Bxc4 Bxc4 12. Nxc4 Nf6 13. 0-0 Nd5 14. e4 Ne7 15. Bf4 Qd7 16. d5 cxd5 17. exd5 Bxc3 18. Nd6+ Kf8 19. dxe6 Qc6 20. Qh5 g6 21. Bh6+ Bg7 22. Qe5 f6 23. Qxf6+ Kg8 24. Qf7# 1-0

[Event "Quebec op U1400"]
[Site "Montreal"]
[Date "2016.07.23"]
[Round "1.83"]
[White "Arsenault Mahjoubi, Louis"]
[Black "Grandmaison, Real"]
[Result "1/2-1/2"]
[WhiteElo "1359"]
[BlackElo "1243"]
[PlyCount "61"]
[EventDate "2016.07.23"]
[EventType "swiss"]
[EventRounds "8"]
[EventCountry "CAN"]
[SourceTitle "EXT 2022"]
[Source "ChessBase"]
[SourceDate "2021.10.06"]
[SourceVersion "1"]
[SourceVersionDate "2021.10.06"]
[SourceQuality "1"]

1. d4 d5 2. c4 e6 3. Nc3 Nf6 4. Bg5 Be7 5. Nf3 0-0 6. e3 h6 7. Bxf6 Bxf6 8. Qd2 a6 9. Bd3 Nc6 10. h4 Be7 11. g4 Nb4 12. Be2 dxc4 13. Bxc4 b5 14. Bb3 Bb7 15. e4 c5 16. a3 c4 17. Bc2 Nxc2+ 18. Qxc2 Qa5 19. Ke2 Rad8 20. g5 h5 21. Rad1 Qc7 22. Ne5 Bd6 23. f4 Bxe5 24. fxe5 Rd7 25. Ke3 Rfd8 26. Qf2 Qb6 27. Ne2 b4 28. axb4 Qxb4 29. Nc3 Qb6 30. Na4 Qb3+ 31. Nc3 1/2-1/2